El concepto de religión

Gespeichert in:
Bibliographische Detailangaben
1. Verfasser: Hegel, Georg Wilhelm Friedrich (autor)
Format: Buch
Sprache:Spanisch
Veröffentlicht: Madrid Fondo de Cultura Económica 1981
Schriftenreihe:Textos Clásicos. Sección de Obras de Filosofía
Schlagworte:
Tags: Tag hinzufügen
Keine Tags, Fügen Sie den ersten Tag hinzu!

MARC

LEADER 00000nam a2200000 a 4500
001 UCS9142
003 CL-VaPUC
008 971113e19810000SP |||||||||||||||||spa|d
082 0 4 |a 193  |b HEG  |2 21 
100 |a Hegel, Georg Wilhelm Friedrich  |e autor  |9 580639 
245 1 3 |a El concepto de religión 
300 |a 355 p 
942 |c BK 
945 |d 19971113 00:00:00  |a rleighto 
260 |a Madrid  |b Fondo de Cultura Económica  |c 1981 
650 0 |a Filosofía alemana   |9 265002 
650 0 |a Religión   |9 255164 
650 7 |a HEGELIANISMO  |2 CL-VaPUC  |9 335839 
650 0 |a Filosofía de la religión   |9 256017 
650 0 |a Teología   |9 258766 
583 |a last modification  |c 19971113 00:00:00  |k Rodrigo Vera 
490 0 |a Textos Clásicos. Sección de Obras de Filosofía 
999 |c 263148  |d 263146 
952 |0 0  |1 0  |4 0  |6 193_000000000000000_HEG_1981  |7 0  |8 P  |9 292249  |a BIBEDU  |b BIBEDU  |c BIBEDU_PB  |d 2019-11-19  |i 3362418  |o 193 HEG 1981  |p 3362418  |r 2024-01-25  |w 2019-11-19  |y BK  |k FIL